Você Consegue Acertar os Países que não tem ''A'' no Nome? - Statistics

Estatísticas Gerais
  • Esse quiz foi jogado 130 vezes
  • A pontuação média é 11 de 24
Estatísticas das Respostas
Hint Resposta % Correto
Américas Chile
81%
Américas Peru
71%
África Egito
64%
Américas México
64%
Oceania Fiji
56%
África Congo
54%
África Burundi
52%
África Togo
52%
África Djibouti
51%
Américas Belize
49%
África Benim
48%
África Comores
47%
África Lesoto
46%
África Guiné
45%
Europa Liechtenstein
42%
Ásia Chipre
41%
Europa Reino Unido
39%
Europa Luxemburgo
37%
Ásia Brunei
32%
Ásia Iêmen
28%
África Niger
28%
Europa Montenegro
19%
Ásia Timor Leste
15%
África Seicheles
14%
Nenhum quiz correspondente encontrado
Distribuição das Pontuações
Porcentagem de Pessoas com Cada Pontuação
Percentil de Números Respondidos
Sua Pontuação Histórica
Você não jogou esse quiz